<?xml version="1.0" encoding="UTF-8"?>
<collection xmlns="http://www.loc.gov/MARC21/slim">
 <record>
  <leader>00494pamaa2200133   4500</leader>
  <controlfield tag="001">0000017101</controlfield>
  <controlfield tag="005">20070130090000.0</controlfield>
  <datafield tag="020" ind1="0" ind2="0">
   <subfield code="a">9810122748 </subfield>
  </datafield>
  <datafield tag="090" ind1="0" ind2="0">
   <subfield code="a">PE1628 </subfield>
   <subfield code="b">URD 1994</subfield>
  </datafield>
  <datafield tag="100" ind1="1" ind2="0">
   <subfield code="a">URDANG </subfield>
  </datafield>
  <datafield tag="245" ind1="1" ind2="0">
   <subfield code="a">Times dictionary of difficult words : </subfield>
   <subfield code="b">the indispensable reference guide to more than 14,000 unfamiliar, complicated, obscure, misunderstood and misused words  </subfield>
   <subfield code="c">Laurence Urdang.</subfield>
  </datafield>
  <datafield tag="260" ind1="0" ind2="0">
   <subfield code="a">Singapore: </subfield>
   <subfield code="b">Federal Pub., </subfield>
   <subfield code="c">1994.</subfield>
  </datafield>
  <datafield tag="300" ind1=" " ind2=" ">
   <subfield code="a">309p.: </subfield>
   <subfield code="b">22cm.</subfield>
  </datafield>
  <datafield tag="650" ind1="0" ind2="0">
   <subfield code="a">English language -- </subfield>
   <subfield code="x">Dictionaries </subfield>
  </datafield>
 </record>
</collection>
